| 000 | 01593nam0a2200337 4500 | ||
|---|---|---|---|
| 001 | RU\NLR\bibl\734334 | ||
| 005 | 20260405064556.0 | ||
| 010 |
_a5-289-01769-0 _910050 |
||
| 021 |
_aRU _b2004-57555 _92832 |
||
| 035 | _aRSL-KNO-002478316 | ||
| 035 | _a(NLR Aleph) 000724267 | ||
| 090 |
_a722398 _c722398 |
||
| 100 | _a20040921d2004 |||y0rusy50 ca | ||
| 101 | 0 | _arus | |
| 102 | _aRU | ||
| 105 | _ay ||||||||| | ||
| 106 | _ar | ||
| 200 | 1 |
_aСен-Мар, или Заговор в царствование Людовика XIII _fАльфред де Виньи |
|
| 210 |
_aСПб. _cЛениздат _cЛенинград _d2004 _gГИПК Лениздат |
||
| 215 |
_a318,[1] с. _d21 |
||
| 517 | 0 | _aЗаговор в царствование Людовика XIII | |
| 610 | 0 | _aФилологические науки. Художественная литература -- Франция -- Французская литература -- кон. 18 - 19 вв. (1789-1871) -- Произведения художественной литературы -- Художественная проза -- Романы. Повести. Рассказы -- Исторические романы, повести, рассказы | |
| 686 |
_aШ5(4Фр)52-644.2 _2rubbk |
||
| 686 | _aШ6(4Фр)57-440.4{Лх1646-50} | ||
| 700 | 1 |
_4070 _8rus _7ca _aВиньи _bА. де _f1797-1863 _gАльфред де _3RU\NLR\auth\7722653 _95710 |
|
| 801 | 0 |
_aRU _bRuMoRKP _c20040921 _grcr |
|
| 801 | 1 |
_aRU _bRuMoRGB _c20040921 |
|
| 801 | 2 |
_aRU _bNLR _c20050312 _gPSBO |
|
| 942 | _cBOOK | ||
| 980 | _aNB | ||